The noble scholar, jurist, historian


 His Excellency Dr. Abdul Wahhab bin Ibrahim Abu Sulaiman, may Allah have mercy on him.


 He was born in Umm Al-Qura in the year 1356 AH.

تاريخ القضاء والقضاة في العهد السعودي / (Record no. 3003)

MARC details
000 -LEADER
fixed length control field 01042cam a2200253 i 4500
003 - CONTROL NUMBER IDENTIFIER
control field SA-RiAUC
005 - DATE AND TIME OF LATEST TRANSACTION
control field 20241204064330.0
008 - FIXED-LENGTH DATA ELEMENTS--GENERAL INFORMATION
fixed length control field 241204s1997 ||| g 000r0cara c
040 ## - CATALOGING SOURCE
Original cataloging agency SA-RiAUC
Language of cataloging ara
Transcribing agency SA-RiAUC
Description conventions rda
043 ## - GEOGRAPHIC AREA CODE
Geographic area code a-su---
082 04 - DEWEY DECIMAL CLASSIFICATION NUMBER
Classification number 257.509531
Assigning agency SA-RiAUC
090 ## - LOCALLY ASSIGNED LC-TYPE CALL NUMBER (OCLC); LOCAL CALL NUMBER (RLIN)
Classification number (OCLC) (R) ; Classification number, CALL (RLIN) (NR) 257.509531
Local cutter number (OCLC) ; Book number/undivided call number, CALL (RLIN) ز هـ ر
100 1# - MAIN ENTRY--PERSONAL NAME
Personal name الزهراني، عبد الله بن محمد بن عايض،
Dates associated with a name 1373 هجري-
Relator term مؤلف.
245 10 - TITLE STATEMENT
Title تاريخ القضاء والقضاة في العهد السعودي /
Statement of responsibility, etc. تصنيف عبد الله بن محمد بن عايض الزهراني.
264 #1 - PRODUCTION, PUBLICATION, DISTRIBUTION, MANUFACTURE, AND COPYRIGHT NOTICE
Place of production, publication, distribution, manufacture [مكان النشر غير محدد] :
Name of producer, publisher, distributor, manufacturer [الناشر غير محدد]،
Date of production, publication, distribution, manufacture, or copyright notice [1997]
300 ## - PHYSICAL DESCRIPTION
Extent 6 مجلد ؛
Dimensions 24 سم
336 ## - CONTENT TYPE
Content type term نص
Content type code txt
Source rdacontent
Materials specified كتاب
337 ## - MEDIA TYPE
Media type term بدون وسيط
Media type code n
Source rdamedia
338 ## - CARRIER TYPE
Carrier type term مجلد
Carrier type code nc
Source rdacarrier
650 #7 - SUBJECT ADDED ENTRY--TOPICAL TERM
Topical term or geographic name entry element القضاء
Geographic subdivision السعودية
Source of heading or term aucsh
650 #7 - SUBJECT ADDED ENTRY--TOPICAL TERM
Topical term or geographic name entry element القضاة السعوديون
Form subdivision تراجم
Source of heading or term aucsh
942 ## - ADDED ENTRY ELEMENTS (KOHA)
Source of classification or shelving scheme Dewey Decimal Classification
Koha item type Books
949 ## - LOCAL PROCESSING INFORMATION (OCLC)
a SA-JeALM
d 241204
u khaled123
n 1
Holdings
Withdrawn status Lost status Source of classification or shelving scheme Materials specified (bound volume or other part) Damaged status Not for loan Home library Current library Date acquired Total checkouts Full call number Barcode Date last seen Price effective from Koha item type
    Dewey Decimal Classification المجلد الاول     DR AbdElwahab Library DR AbdElwahab Library 12/04/2024   257.509531 ز هـ ر 000004535 12/04/2024 12/04/2024 Books
    Dewey Decimal Classification المجلد الثاني     DR AbdElwahab Library DR AbdElwahab Library 12/04/2024   257.509531 ز هـ ر 000004536 12/04/2024 12/04/2024 Books
    Dewey Decimal Classification المجلد الثالث     DR AbdElwahab Library DR AbdElwahab Library 12/04/2024   257.509531 ز هـ ر 000004537 12/04/2024 12/04/2024 Books
    Dewey Decimal Classification المجلد الرابع     DR AbdElwahab Library DR AbdElwahab Library 12/04/2024   257.509531 ز هـ ر 000004538 12/04/2024 12/04/2024 Books
    Dewey Decimal Classification المجلد الخامس     DR AbdElwahab Library DR AbdElwahab Library 12/04/2024   257.509531 ز هـ ر 000004539 12/04/2024 12/04/2024 Books
    Dewey Decimal Classification المجلد السادس     DR AbdElwahab Library DR AbdElwahab Library 12/04/2024   257.509531 ز هـ ر 000004540 12/04/2024 12/04/2024 Books